<?xml version="1.0" encoding="UTF-8"?>
<collection xmlns="http://www.loc.gov/MARC21/slim">
<record>
  <controlfield tag="001">162721</controlfield>
  <controlfield tag="005">20251017144603.0</controlfield>
  <datafield tag="024" ind1="7" ind2=" ">
    <subfield code="2">doi</subfield>
    <subfield code="a">10.1016/j.cdnut.2025.107511</subfield>
  </datafield>
  <datafield tag="024" ind1="8" ind2=" ">
    <subfield code="2">sideral</subfield>
    <subfield code="a">145251</subfield>
  </datafield>
  <datafield tag="037" ind1=" " ind2=" ">
    <subfield code="a">ART-2025-145251</subfield>
  </datafield>
  <datafield tag="041" ind1=" " ind2=" ">
    <subfield code="a">eng</subfield>
  </datafield>
  <datafield tag="100" ind1=" " ind2=" ">
    <subfield code="a">Benedicto-Toboso, Mª Isabel</subfield>
    <subfield code="u">Universidad de Zaragoza</subfield>
    <subfield code="0">(orcid)0000-0002-1655-568X</subfield>
  </datafield>
  <datafield tag="245" ind1=" " ind2=" ">
    <subfield code="a">Effect of Dietary Fiber Intake on Chronic Low-Grade Inflammation in Children and Adolescents: A Systematic Review and Meta-analysis of Randomized Controlled Trials</subfield>
  </datafield>
  <datafield tag="260" ind1=" " ind2=" ">
    <subfield code="c">2025</subfield>
  </datafield>
  <datafield tag="506" ind1="0" ind2=" ">
    <subfield code="a">Access copy available to the general public</subfield>
    <subfield code="f">Unrestricted</subfield>
  </datafield>
  <datafield tag="520" ind1="3" ind2=" ">
    <subfield code="a">Previous research suggests that dietary fiber (DF) intake may help reduce chronic low-grade inflammation (CLGI), a condition linked to the early development of cardiometabolic risk factors. Childhood and adolescence represent critical periods for preventing noncommunicable diseases, when adopting healthy eating habits, including adequate fiber consumption, could effectively control CLGI. However, the evidence on DF’s impact on CLGI in the pediatric population remains inconsistent and has not been comprehensively reviewed in a single article. Therefore, we aimed to conduct a systematic review and meta-analysis to assess the effect of DF intake on CLGI in children and adolescents. A systematic search was performed in 4 databases up to January 2025. Two reviewers screened 2030 studies based on inclusion criteria: randomized controlled trials involving participants ≤18 y, interventions (Is) with any type of DF (supplementation, fiber-rich foods, or fiber intake advice) and reporting serum CLGI markers, including C-reactive protein (CRP), interleukin (IL)-6 and TNF-α, among others. Twenty-five randomized controlled trials were included in the systematic review, which showed that DF may have beneficial effects on CRP, IL-10, adiponectin, IL-1β, and IL-6 concentrations; though findings were inconsistent, with some studies reporting no significant changes. Meta-analysis was conducted for CRP, IL-6, and TNF-α. Meta-analysis for CRP concentrations included 10 studies and revealed a significant decrease following DF Is compared to controls (mean difference: –0.640; 95% CI: –1.075, –0.204). Meta-regression revealed that Is based on fiber supplementation resulted in significantly greater CRP reductions compared to those involving fiber-rich foods. Meta-analysis for IL-6 and TNF-α concentrations showed no significant effect after DF I. In conclusion, this review provides evidence that fiber Is may have a beneficial impact on certain markers of CLGI in children and adolescents, particularly by reducing serum CRP concentrations. However, the findings also reveal inconsistencies in the effects of fiber intake on other inflammatory markers.</subfield>
  </datafield>
  <datafield tag="540" ind1=" " ind2=" ">
    <subfield code="9">info:eu-repo/semantics/openAccess</subfield>
    <subfield code="a">by</subfield>
    <subfield code="u">https://creativecommons.org/licenses/by/4.0/deed.es</subfield>
  </datafield>
  <datafield tag="655" ind1=" " ind2="4">
    <subfield code="a">info:eu-repo/semantics/article</subfield>
    <subfield code="v">info:eu-repo/semantics/publishedVersion</subfield>
  </datafield>
  <datafield tag="700" ind1=" " ind2=" ">
    <subfield code="a">Freire Salviano, Andressa</subfield>
  </datafield>
  <datafield tag="700" ind1=" " ind2=" ">
    <subfield code="a">Miguel-Berges, María L</subfield>
  </datafield>
  <datafield tag="700" ind1=" " ind2=" ">
    <subfield code="a">Rueda-De Torre, Isabel</subfield>
    <subfield code="u">Universidad de Zaragoza</subfield>
  </datafield>
  <datafield tag="700" ind1=" " ind2=" ">
    <subfield code="a">Moreno, Luis A</subfield>
    <subfield code="u">Universidad de Zaragoza</subfield>
    <subfield code="0">(orcid)0000-0003-0454-653X</subfield>
  </datafield>
  <datafield tag="700" ind1=" " ind2=" ">
    <subfield code="a">Santaliestra-Pasías, Alba M</subfield>
    <subfield code="u">Universidad de Zaragoza</subfield>
    <subfield code="0">(orcid)0000-0002-0303-7912</subfield>
  </datafield>
  <datafield tag="710" ind1="2" ind2=" ">
    <subfield code="1">1006</subfield>
    <subfield code="2">255</subfield>
    <subfield code="a">Universidad de Zaragoza</subfield>
    <subfield code="b">Dpto. Fisiatría y Enfermería</subfield>
    <subfield code="c">Área Enfermería</subfield>
  </datafield>
  <datafield tag="710" ind1="2" ind2=" ">
    <subfield code="1">1011</subfield>
    <subfield code="2">615</subfield>
    <subfield code="a">Universidad de Zaragoza</subfield>
    <subfield code="b">Dpto. Microb.Ped.Radio.Sal.Pú.</subfield>
    <subfield code="c">Área Medic.Prevent.Salud Públ.</subfield>
  </datafield>
  <datafield tag="773" ind1=" " ind2=" ">
    <subfield code="g">9, 9 (2025), 107511 [20 pp.]</subfield>
    <subfield code="t">Current Developments in Nutrition</subfield>
    <subfield code="x">2475-2991</subfield>
  </datafield>
  <datafield tag="856" ind1="4" ind2=" ">
    <subfield code="s">2863090</subfield>
    <subfield code="u">http://zaguan.unizar.es/record/162721/files/texto_completo.pdf</subfield>
    <subfield code="y">Versión publicada</subfield>
  </datafield>
  <datafield tag="856" ind1="4" ind2=" ">
    <subfield code="s">2562002</subfield>
    <subfield code="u">http://zaguan.unizar.es/record/162721/files/texto_completo.jpg?subformat=icon</subfield>
    <subfield code="x">icon</subfield>
    <subfield code="y">Versión publicada</subfield>
  </datafield>
  <datafield tag="909" ind1="C" ind2="O">
    <subfield code="o">oai:zaguan.unizar.es:162721</subfield>
    <subfield code="p">articulos</subfield>
    <subfield code="p">driver</subfield>
  </datafield>
  <datafield tag="951" ind1=" " ind2=" ">
    <subfield code="a">2025-10-17-14:14:31</subfield>
  </datafield>
  <datafield tag="980" ind1=" " ind2=" ">
    <subfield code="a">ARTICLE</subfield>
  </datafield>
</record>
</collection>